Tunnels in soft ground /
Saved in:
| 主要作者: | |
|---|---|
| 格式: | Thesis 圖書 |
| 語言: | English |
| 出版: |
1990.
|
| 主題: | |
| 標簽: |
添加標簽
沒有標簽, 成為第一個標記此記錄!
|
| LEADER | 00711cam a2200229 a 4500 | ||
|---|---|---|---|
| 001 | u307973 | ||
| 003 | SIRSI | ||
| 008 | 930204s1990 si v 00 1 eng | ||
| 035 | |a ABL-9624 | ||
| 040 | |a UMM | ||
| 090 | |a TA805 |b Chi | ||
| 100 | 1 | 0 | |a Chia, Soon Leong. |
| 245 | 1 | 0 | |a Tunnels in soft ground / |c by Chia Soon Leong. |
| 260 | |c 1990. | ||
| 300 | |a xx, 158 leaves : |b ill. ; |c 30 cm. | ||
| 502 | |a Dissertation (M.Eng.) -- National University of Singapore, 1990. | ||
| 504 | |a Bibliography: leaves 99-104. | ||
| 650 | 0 | |a Tunnels |x Design and construction. | |
| 650 | 0 | |a Soil stabilization. | |
| 948 | |a 04/02/1993 |b 22/08/2002 | ||
| 596 | |a 1 | ||
| 999 | |a TA805 CHI |w LC |c 1 |i A011195067 |l STACKS |m P01UTAMA |r Y |s Y |t TESIS |u 6/4/1993 | ||
